Global economic prospects : (Record no. 12061)

MARC details
000 -LEADER
fixed length control field 01028nam a22002297a 4500
008 - FIXED-LENGTH DATA ELEMENTS--GENERAL INFORMATION
fixed length control field 090628t xxu||||| |||| 00| 0 eng d
020 ## - INTERNATIONAL STANDARD BOOK NUMBER
International Standard Book Number 9780821377994
020 ## - INTERNATIONAL STANDARD BOOK NUMBER
International Standard Book Number 9780821378014 (E- ISBN)
082 ## - DEWEY DECIMAL CLASSIFICATION NUMBER
Edition number 22
Classification number 338.9009172
Item number GLO
245 10 - TITLE STATEMENT
Title Global economic prospects :
Remainder of title Commodities at the crossroads/
246 30 - VARYING FORM OF TITLE
Title proper/short title Commodities at the crossroads/
260 ## - PUBLICATION, DISTRIBUTION, ETC. (IMPRINT)
Place of publication, distribution, etc Washington :
Name of publisher, distributor, etc International Bank for Reconstruction and Development/World Bank Pubns,
Date of publication, distribution, etc c2009.
300 ## - PHYSICAL DESCRIPTION
Extent xv, 180 p. :
Other physical details ill. (some col.) ;
Dimensions 27 cm.
504 ## - BIBLIOGRAPHY, ETC. NOTE
Bibliography, etc Includes bibliographical references.
650 #0 - SUBJECT ADDED ENTRY--TOPICAL TERM
Topical term or geographic name as entry element International trade.
9 (RLIN) 7042
650 #0 - SUBJECT ADDED ENTRY--TOPICAL TERM
Topical term or geographic name as entry element International economic relations.
9 (RLIN) 7043
650 #0 - SUBJECT ADDED ENTRY--TOPICAL TERM
Topical term or geographic name as entry element Developing countries
General subdivision Economic conditions.
9 (RLIN) 7044
650 #0 - SUBJECT ADDED ENTRY--TOPICAL TERM
Topical term or geographic name as entry element Global economic prospects
9 (RLIN) 7045
710 ## - ADDED ENTRY--CORPORATE NAME
Corporate name or jurisdiction name as entry element International Bank for Reconstruction and Development
9 (RLIN) 7046
942 ## - ADDED ENTRY ELEMENTS (KOHA)
Source of classification or shelving scheme Dewey Decimal Classification
Item type Book - Borrowing
Holdings
Withdrawn status Item status Source of classification or shelving scheme Damaged status Not for loan Vendor Home library Current library Shelving location Date acquired Source of acquisition Cost, normal purchase price Serial Enumeration / chronology Total Checkouts Full call number Barcode Date last seen Koha item type
    Dewey Decimal Classification     MERIC Central Library Central Library First floor 28/06/2009   153.00 9083   338.9009172 GLO 000016964 15/07/2025 Book - Borrowing